00000000nam##2200000za#4500
0019.604052
003CaOODSP
00520260128153023
007cr |||||||||||
008150406|2004||||xxc|||||o    f|0| 0 fre|d
022 |a1488-545X
040 |aCaOODSP|bfre
043 |an-cn---
0861 |aFs97-6/2560F-PDF
1102 |aInstitut Maurice-Lamontagne.
24510|aFécondité du capelan (Mallotus villosus) dans l'estuaire et le golfe du Saint-Laurent en 2003 / |h[ressource électronique]|c[par] François Grégoire ... [et al.].
260 |aMont-Joli - Québec : |bPêches et Océans Canada. |cc2004.
300 |a30p.|bcarte, références, tableaux, photographies
4901 |aRapport technique canadien des sciences halieutiques et aquatiques|x1488-545X|vN° 2560
500 |aLe n° de catalogue (Fs97-6/2560) et l'ISSN (0706-6570) copiés dans cette édition électronique sont incorrects.
546 |a(Abstract in English)
590 |a12-24-Supp|b2012-05-30
7201 |aGrégoire, François
7760#|tFécondité du capelan (Mallotus villosus) dans l'estuaire et le golfe du Saint-Laurent en 2003 / |w(CaOODSP)9.626948
830#0|aRapport technique canadien des sciences halieutiques et aquatiques,|x1488-545X|vN° 2560|w(CaOODSP)9.500867
85640|ahttp://publications.gc.ca|qPDF|s608 Ko|uhttps://publications.gc.ca/collections/collection_2012/mpo-dfo/Fs97-6-2560-fra.pdf|yN° 2560